000 00566nam a2200193Ia 4500
999 _c8021
_d8021
003 OSt
005 20200709122735.0
008 190216s9999||||xx |||||||||||||| ||und||
020 _a9788182093669
040 _coclc
082 _a332.10954
_bGUR/M
100 _aGurusamy, S
_91561
245 0 _aMerchant Banking And Financial Services /
_cS Gurusamy
250 _a4th Ed.
260 _bVijay Nicole Imprints Private Lmted,
_c2013.
_aChennai:
300 _a532p
650 _aCommerce
942 _cBK
_2ddc
_h332.10954
_iGUR/M
_k332.10954
_mGUR/M